[Event "12. Obert Int. Sant Marti 2010"]
[Site "Barcelona ESP"]
[Date "2010.07.13"]
[Round "1.2"]
[White "Gonzalez Valenzuela, Didac"]
[Black "Martinez Duany, Lelys Stanley"]
[Result "1-0"]
[WhiteElo "2156"]
[BlackElo "2510"]
[PlyCount "137"]
[EventDate "2010.07.13"]
[EventType "swiss"]
[EventRounds "9"]
[EventCountry "ESP"]
[SourceTitle "Ajedrez en Madrid"]
[Source "lmi"]
[SourceDate "2010.07.13"]
[SourceVersion "1"]
[SourceVersionDate "2019.06.18"]
[SourceQuality "1"]

1. d4 Nf6 2. c4 c5 3. d5 e5 4. Nc3 d6 5. e4 Be7 6. Bd3 Nbd7 7. Be3 Nf8 8. h3 h5
9. Nge2 Ng6 10. Qc2 h4 11. O-O-O Nh5 12. Kb1 Bg5 13. Bxg5 Qxg5 14. g3 O-O 15.
Qc1 Qe7 16. Rdg1 Bd7 17. Bc2 Qf6 18. Qe3 a6 19. Nc1 Qe7 20. Bd1 Nf6 21. gxh4
Nf4 22. Nd3 Rfe8 23. Bf3 Nxd3 24. Qxd3 b5 25. Be2 Reb8 26. Qg3 Ne8 27. h5 Qf6
28. h4 bxc4 29. Bxc4 Rb4 30. b3 Rab8 31. Kc2 Nc7 32. Rh2 a5 33. Rhg2 Ne8 34.
Qe3 Kh7 35. Qg5 R4b7 36. Qxf6 Nxf6 37. Rxg7+ Kh6 38. Rxf7 Nxh5 39. Ba6 Rb6 40.
Rxd7 Rxa6 41. a4 Rf8 42. Rg2 Nf4 43. Rgg7 Nh5 44. Rgf7 Rxf7 45. Rxf7 Kg6 46.
Rc7 Ra8 47. Rd7 Rf8 48. Rxd6+ Kg7 49. Rc6 Rxf2+ 50. Kb1 Nf4 51. Rxc5 Nd3 52.
Rxa5 Rb2+ 53. Ka1 Rxb3 54. Nb5 Nf2 55. Nd6 Rb6 56. Ra7+ Kg8 57. Nc4 Rb4 58. d6
Rb8 59. Nxe5 Nxe4 60. Nc6 Rf8 61. d7 Rf1+ 62. Kb2 Rf2+ 63. Kc1 Rf1+ 64. Kc2
Rf2+ 65. Kd1 Rf1+ 66. Ke2 Ng3+ 67. Kd3 Rf3+ 68. Kc4 Rf4+ 69. Kb5 1-0

[Event "12. Obert Int. Sant Marti 2010"]
[Site "Barcelona ESP"]
[Date "2010.07.13"]
[Round "1.3"]
[White "Gonzalez Garcia, Jose"]
[Black "Chuturkov, Marinko"]
[Result "1-0"]
[WhiteElo "2508"]
[BlackElo "2145"]
[PlyCount "35"]
[EventDate "2010.07.13"]
[EventType "swiss"]
[EventRounds "9"]
[EventCountry "ESP"]
[SourceTitle "Ajedrez en Madrid"]
[Source "lmi"]
[SourceDate "2010.07.13"]
[SourceVersion "1"]
[SourceVersionDate "2019.06.18"]
[SourceQuality "1"]

1. Nf3 Nf6 2. c4 c5 3. Nc3 Nc6 4. e3 e6 5. d4 d5 6. cxd5 Nxd5 7. Bd3 Nxc3 8.
bxc3 g6 9. O-O Qa5 10. Qb3 Bg7 11. Ba3 b6 12. Bb5 Bd7 13. dxc5 O-O-O 14. cxb6
Qxb6 15. Rab1 a6 16. Bxc6 Qxb3 17. Bxd7+ Rxd7 18. Rxb3 1-0

[Event "12. Obert Int. Sant Marti 2010"]
[Site "Barcelona ESP"]
[Date "2010.07.13"]
[Round "1.4"]
[White "Collado Pallas, David"]
[Black "Abreu Delgado, Aryam"]
[Result "0-1"]
[WhiteElo "2124"]
[BlackElo "2474"]
[PlyCount "70"]
[EventDate "2010.07.13"]
[EventType "swiss"]
[EventRounds "9"]
[EventCountry "ESP"]
[SourceTitle "Ajedrez en Madrid"]
[Source "lmi"]
[SourceDate "2010.07.13"]
[SourceVersion "1"]
[SourceVersionDate "2019.06.18"]
[SourceQuality "1"]

1. e4 c5 2. Nc3 d6 3. Bb5+ Nc6 4. Bxc6+ bxc6 5. f4 g6 6. Nf3 Bg7 7. O-O Nf6 8.
h3 O-O 9. Qe1 c4 10. b3 Ba6 11. bxc4 Bxc4 12. d3 Ba6 13. Rb1 Nd7 14. f5 e6 15.
Bg5 Qc7 16. fxg6 fxg6 17. Qd2 Rae8 18. Bh6 e5 19. Bxg7 Kxg7 20. Ne2 Nc5 21. Ng5
h6 22. Nf3 Rf6 23. Qe3 Qf7 24. Nh2 Bc8 25. Rxf6 Qxf6 26. Rf1 Qe7 27. c4 Bd7 28.
Nf3 Kh7 29. Nc3 Rf8 30. d4 exd4 31. Nxd4 Rxf1+ 32. Kxf1 Qf7+ 33. Kg1 Qxc4 34.
Nf3 Qd3 35. Kf2 Qxc3 0-1

[Event "12. Obert Int. Sant Marti 2010"]
[Site "Barcelona ESP"]
[Date "2010.07.13"]
[Round "1.5"]
[White "Gongora Reyes, Maikel"]
[Black "Do Santos Julio, Joao Manuel"]
[Result "1-0"]
[WhiteElo "2451"]
[BlackElo "2122"]
[PlyCount "47"]
[EventDate "2010.07.13"]
[EventType "swiss"]
[EventRounds "9"]
[EventCountry "ESP"]
[SourceTitle "Ajedrez en Madrid"]
[Source "lmi"]
[SourceDate "2010.07.13"]
[SourceVersion "1"]
[SourceVersionDate "2019.06.18"]
[SourceQuality "1"]

1. d4 d5 2. Nf3 Nf6 3. c4 c6 4. Nc3 e6 5. Bg5 Be7 6. e3 O-O 7. Qc2 Re8 8. O-O-O
dxc4 9. Bxc4 Qa5 10. Bxf6 Bxf6 11. h4 Nd7 12. Kb1 Nf8 13. g4 b5 14. Bd3 Bb7 15.
Ne4 Be7 16. Neg5 g6 17. h5 h6 18. hxg6 Bxg5 19. gxf7+ Kxf7 20. Nxg5+ hxg5 21.
Bg6+ Nxg6 22. Rh7+ Kf6 23. Rdh1 Rh8 24. Qxg6+ 1-0

[Event "12. Obert Int. Sant Marti 2010"]
[Site "Barcelona ESP"]
[Date "2010.07.13"]
[Round "1.6"]
[White "Sharaibi, Olufemi"]
[Black "Rojas Keim, Luis"]
[Result "0-1"]
[WhiteElo "2104"]
[BlackElo "2437"]
[PlyCount "58"]
[EventDate "2010.07.13"]
[EventType "swiss"]
[EventRounds "9"]
[EventCountry "ESP"]
[SourceTitle "Ajedrez en Madrid"]
[Source "lmi"]
[SourceDate "2010.07.13"]
[SourceVersion "1"]
[SourceVersionDate "2019.06.18"]
[SourceQuality "1"]

1. d4 d6 2. Nf3 Nf6 3. Nbd2 g6 4. e4 Bg7 5. Be2 O-O 6. O-O c5 7. c3 cxd4 8.
cxd4 Nc6 9. Rb1 Bg4 10. d5 Nb8 11. Qb3 Nbd7 12. h3 Nc5 13. Qe3 Bd7 14. b3 a5
15. a4 Re8 16. Nd4 e6 17. dxe6 Nxe6 18. Nb5 Bc6 19. Ba3 d5 20. e5 d4 21. Qg3
Nd5 22. f4 Nexf4 23. Rxf4 Bxe5 24. Rbf1 Nxf4 25. Rxf4 Bxf4 26. Qxf4 Rxe2 27.
Nf3 d3 28. Nd6 Qd7 29. Ne5 d2 0-1

[Event "12. Obert Int. Sant Marti 2010"]
[Site "Barcelona ESP"]
[Date "2010.07.13"]
[Round "1.8"]
[White "Navarro Alvarez, Antoni"]
[Black "Perez Mitjans, Orelvis"]
[Result "0-1"]
[WhiteElo "2066"]
[BlackElo "2424"]
[PlyCount "82"]
[EventDate "2010.07.13"]
[EventType "swiss"]
[EventRounds "9"]
[EventCountry "ESP"]
[SourceTitle "Ajedrez en Madrid"]
[Source "lmi"]
[SourceDate "2010.07.13"]
[SourceVersion "1"]
[SourceVersionDate "2019.06.18"]
[SourceQuality "1"]

1. b3 e5 2. Bb2 Bd6 3. e4 Nf6 4. d3 O-O 5. Nf3 Nc6 6. Be2 Qe7 7. Nbd2 Bc5 8.
Nc4 d6 9. h3 Be6 10. Ne3 a5 11. a3 Rad8 12. c4 Nh5 13. Nd5 Bxd5 14. cxd5 Nb8
15. Nxe5 Nf4 16. Nf3 Nxg2+ 17. Kf1 Nf4 18. Qd2 Ng6 19. Nd4 Bxd4 20. Bxd4 f5 21.
exf5 Rxf5 22. Bg4 Rxd5 23. Re1 Ne5 24. Qc3 Nbc6 25. Bf3 Rxd4 26. Bxc6 Rf4 27.
Bd5+ Kh8 28. Re4 Rxe4 29. Bxe4 d5 30. Bf5 Rf8 31. Bg4 b6 32. Rg1 c5 33. d4 Qf6
34. Qd2 Nd3 35. Rg2 Qxd4 36. Bd1 a4 37. Kg1 axb3 38. Bxb3 Qa1+ 39. Kh2 Ne1 40.
Rg3 Nf3+ 41. Rxf3 Rxf3 0-1

[Event "12. Obert Int. Sant Marti 2010"]
[Site "Barcelona ESP"]
[Date "2010.07.13"]
[Round "1.9"]
[White "Matnadze, Ana"]
[Black "Alfara Ayllon, Jose Luis"]
[Result "1-0"]
[WhiteElo "2422"]
[BlackElo "2062"]
[PlyCount "85"]
[EventDate "2010.07.13"]
[EventType "swiss"]
[EventRounds "9"]
[EventCountry "ESP"]
[SourceTitle "Ajedrez en Madrid"]
[Source "lmi"]
[SourceDate "2010.07.13"]
[SourceVersion "1"]
[SourceVersionDate "2019.06.18"]
[SourceQuality "1"]

1. d4 Nf6 2. Nf3 d5 3. g3 g6 4. Bg2 Bg7 5. O-O O-O 6. c4 c6 7. Nc3 Ne4 8. Qb3
Nxc3 9. bxc3 dxc4 10. Qxc4 Nd7 11. e4 h6 12. Qe2 c5 13. Rd1 b6 14. e5 e6 15.
Nd2 Rb8 16. h4 Bb7 17. Bxb7 Rxb7 18. h5 g5 19. Ne4 Rc7 20. f4 f6 21. dxc5 bxc5
22. exf6 Bxf6 23. fxg5 hxg5 24. Qg4 Kh8 25. Bxg5 Bxg5 26. Qxg5 Qxg5 27. Nxg5
Rf6 28. Rd6 Nf8 29. Ne4 Rf3 30. Rf1 Rxf1+ 31. Kxf1 Rf7+ 32. Ke2 Rf5 33. g4 Rf4
34. Nf2 Rc4 35. g5 Kg7 36. Rc6 Rh4 37. Rc7+ Kh8 38. g6 Kg8 39. Rxc5 Nd7 40.
Rc8+ Nf8 41. Rc7 Rxh5 42. Ng4 Rg5 43. Nh6+ 1-0

[Event "12. Obert Int. Sant Marti 2010"]
[Site "Barcelona ESP"]
[Date "2010.07.13"]
[Round "1.10"]
[White "Ridameya Tatche, Jose Miguel"]
[Black "Gonzalez Rodriguez, Jorge A"]
[Result "0-1"]
[WhiteElo "2060"]
[BlackElo "2409"]
[PlyCount "98"]
[EventDate "2010.07.13"]
[EventType "swiss"]
[EventRounds "9"]
[EventCountry "ESP"]
[SourceTitle "Ajedrez en Madrid"]
[Source "lmi"]
[SourceDate "2010.07.13"]
[SourceVersion "1"]
[SourceVersionDate "2019.06.18"]
[SourceQuality "1"]

1. e4 g6 2. h4 h5 3. Bc4 Bg7 4. d4 c6 5. Qf3 e6 6. c3 d5 7. Bd3 Ne7 8. Bg5 Qb6
9. Qe2 Nd7 10. Bxe7 Kxe7 11. exd5 cxd5 12. Nf3 a6 13. O-O Qc7 14. Re1 Nb8 15.
a4 Nc6 16. Nbd2 Bf6 17. Qe3 Kf8 18. Rac1 Qe7 19. g3 Kg7 20. Ne5 Bd7 21. Ndf3
Rac8 22. Bc2 Rc7 23. Qf4 Rhc8 24. Nxc6 bxc6 25. Bd3 Ra7 26. a5 c5 27. Qd2 c4
28. Bf1 Rb8 29. Ra1 Rab7 30. b4 cxb3 31. Bxa6 b2 32. Rab1 Rb3 33. Bd3 Qa3 34.
a6 Rxc3 35. Be2 Rcb3 36. Qf4 Bc8 37. Ne5 Qd6 38. a7 Ra8 39. g4 hxg4 40. Bd1 Rh3
41. Rxb2 Rxa7 42. Bxg4 Rxh4 43. Qg3 Ra3 44. Bf3 Rxd4 45. Rbe2 Ba6 46. Re3 Rxe3
47. Rxe3 Bxe5 48. Rxe5 Rd3 49. Kg2 Ra3 0-1

[Event "12. Obert Int. Sant Marti 2010"]
[Site "Barcelona ESP"]
[Date "2010.07.13"]
[Round "1.11"]
[White "Lorenzo De La Riva, Lazaro"]
[Black "Riera Danes, Manel"]
[Result "1-0"]
[WhiteElo "2407"]
[BlackElo "2044"]
[PlyCount "87"]
[EventDate "2010.07.13"]
[EventType "swiss"]
[EventRounds "9"]
[EventCountry "ESP"]
[SourceTitle "Ajedrez en Madrid"]
[Source "lmi"]
[SourceDate "2010.07.13"]
[SourceVersion "1"]
[SourceVersionDate "2019.06.18"]
[SourceQuality "1"]

1. c4 Nf6 2. Nc3 g6 3. e4 d6 4. d4 Bg7 5. Nf3 O-O 6. h3 c6 7. Bg5 Qc7 8. Bd3 e5
9. d5 Na6 10. Nd2 Nc5 11. Bc2 a5 12. g4 Re8 13. Qf3 Nfd7 14. h4 h6 15. Be3 Nf8
16. Nb3 Ncd7 17. Qe2 a4 18. Nd2 cxd5 19. Nb5 Qb8 20. cxd5 Nc5 21. Nc4 Rd8 22.
Ncxd6 b6 23. Nxc8 Rxc8 24. f3 Nfd7 25. h5 g5 26. O-O Nb7 27. b4 Nd6 28. Bd3 Bf8
29. a3 Nf6 30. Rac1 Nfe8 31. Qf2 Nxb5 32. Bxb5 Nd6 33. Bc6 b5 34. Bxa8 Qxa8 35.
Bc5 Nc4 36. Rxc4 bxc4 37. d6 Qc6 38. Rd1 Rd8 39. Kg2 Kg7 40. Qc2 Qb5 41. Rd5
Qc6 42. Qxc4 Bxd6 43. Qc3 Qc7 44. Rxd6 1-0

[Event "12. Obert Int. Sant Marti 2010"]
[Site "Barcelona ESP"]
[Date "2010.07.13"]
[Round "1.12"]
[White "Adedeji, Adekola"]
[Black "Asis Gargatagli, Hipolit"]
[Result "0-1"]
[WhiteElo "2039"]
[BlackElo "2406"]
[PlyCount "88"]
[EventDate "2010.07.13"]
[EventType "swiss"]
[EventRounds "9"]
[EventCountry "ESP"]
[SourceTitle "Ajedrez en Madrid"]
[Source "lmi"]
[SourceDate "2010.07.13"]
[SourceVersion "1"]
[SourceVersionDate "2019.06.18"]
[SourceQuality "1"]

1. e4 c5 2. Nf3 d6 3. d4 cxd4 4. Nxd4 Nf6 5. Nc3 Nc6 6. Be2 g6 7. Be3 Bg7 8.
Qd2 O-O 9. Nxc6 bxc6 10. Bh6 Bxh6 11. Qxh6 Qa5 12. Qd2 Rb8 13. b3 d5 14. O-O
Rd8 15. Rad1 Qc7 16. exd5 cxd5 17. Nb5 Qb6 18. Qf4 e5 19. Qh4 Kg7 20. c4 d4 21.
b4 a6 22. c5 Qe6 23. Nd6 Rxb4 24. a3 Ra4 25. h3 Rxd6 26. cxd6 Qxd6 27. Rfe1
Rxa3 28. Bf3 Bf5 29. Qg3 Nd5 30. Qh2 Rxf3 31. gxf3 Nf4 32. Qg3 Nxh3+ 33. Kh2
Nf4 34. Rg1 Ne2 35. Qg5 Nxg1 36. Rxg1 Bc2 37. Re1 d3 38. Qd2 a5 39. f4 exf4 40.
f3 Qf6 41. Kh3 a4 42. Re4 a3 43. Qa5 d2 44. Re5 d1=Q 0-1

[Event "12. Obert Int. Sant Marti 2010"]
[Site "Barcelona ESP"]
[Date "2010.07.13"]
[Round "1.13"]
[White "Mihailovs, Jurijs"]
[Black "Mateu Farre, Josep Maria"]
[Result "1-0"]
[WhiteElo "2405"]
[BlackElo "2030"]
[PlyCount "53"]
[EventDate "2010.07.13"]
[EventType "swiss"]
[EventRounds "9"]
[EventCountry "ESP"]
[SourceTitle "Ajedrez en Madrid"]
[Source "lmi"]
[SourceDate "2010.07.13"]
[SourceVersion "1"]
[SourceVersionDate "2019.06.18"]
[SourceQuality "1"]

1. d4 d5 2. c4 e6 3. Nc3 Be7 4. Nf3 Nf6 5. cxd5 exd5 6. Bg5 h6 7. Bf4 Ne4 8.
Rc1 c6 9. e3 Nd7 10. h3 Ndf6 11. Ne5 Qa5 12. Qc2 Bf5 13. Bd3 Nxc3 14. bxc3 Bxd3
15. Qxd3 Ne4 16. O-O O-O 17. Rc2 Rac8 18. c4 b5 19. cxd5 cxd5 20. Nc6 Qa3 21.
Qxb5 Bh4 22. Qxd5 Nxf2 23. Rfxf2 Bxf2+ 24. Kxf2 Rfd8 25. Qc5 Qxc5 26. Rxc5 Kf8
27. Nxd8 1-0

[Event "12. Obert Int. Sant Marti 2010"]
[Site "Barcelona ESP"]
[Date "2010.07.14"]
[Round "2.1"]
[White "Beltran Rueda, Santiago"]
[Black "Moskalenko, Viktor"]
[Result "1/2-1/2"]
[WhiteElo "2369"]
[BlackElo "2565"]
[PlyCount "82"]
[EventDate "2010.07.13"]
[EventType "swiss"]
[EventRounds "9"]
[EventCountry "ESP"]
[SourceTitle "Ajedrez en Madrid"]
[Source "lmi"]
[SourceDate "2010.07.13"]
[SourceVersion "1"]
[SourceVersionDate "2019.06.18"]
[SourceQuality "1"]

1. Nf3 d5 2. d4 e6 3. c4 c6 4. e3 Bd6 5. Nbd2 f5 6. Be2 Nd7 7. O-O Ngf6 8. b3
O-O 9. Bb2 Ne4 10. a3 Qf6 11. Ne1 f4 12. exf4 Qxf4 13. Ndf3 Qh6 14. Qc2 b6 15.
Bc1 Qg6 16. Nd3 Bb7 17. Nfe5 Bxe5 18. Nxe5 Nxe5 19. dxe5 Nc5 20. Qxg6 hxg6 21.
Rb1 Rad8 22. Bg4 Kf7 23. b4 Nd3 24. cxd5 Rxd5 25. f4 c5 26. Bf3 Rd7 27. Bxb7
Rxb7 28. bxc5 Nxc5 29. Be3 Rc8 30. Bxc5 Rxc5 31. Rf3 Rd7 32. h4 Rc4 33. Kh2 Rd2
34. Kh3 Rcc2 35. g3 Rc4 36. Rb4 Rxb4 37. axb4 a5 38. bxa5 bxa5 39. Ra3 Rd5 40.
Kg4 Rb5 41. Kg5 Rc5 1/2-1/2

[Event "12. Obert Int. Sant Marti 2010"]
[Site "Barcelona ESP"]
[Date "2010.07.14"]
[Round "2.2"]
[White "Perpinya Rofes, Lluis Maria"]
[Black "Gonzalez Garcia, Jose"]
[Result "0-1"]
[WhiteElo "2344"]
[BlackElo "2508"]
[PlyCount "56"]
[EventDate "2010.07.13"]
[EventType "swiss"]
[EventRounds "9"]
[EventCountry "ESP"]
[SourceTitle "Ajedrez en Madrid"]
[Source "lmi"]
[SourceDate "2010.07.13"]
[SourceVersion "1"]
[SourceVersionDate "2019.06.18"]
[SourceQuality "1"]

1. e4 e6 2. d4 d5 3. Nc3 Nf6 4. e5 Nfd7 5. f4 c5 6. Nf3 Nc6 7. Be3 Be7 8. Qd2
O-O 9. g3 Rb8 10. Qf2 f6 11. exf6 Nxf6 12. O-O-O c4 13. Bh3 b5 14. Ne5 Qe8 15.
Ng4 b4 16. Nxf6+ Bxf6 17. Ne2 b3 18. cxb3 cxb3 19. a3 e5 20. Bxc8 Rxc8 21. Kb1
exd4 22. Bd2 Qe4+ 23. Ka1 Rfe8 24. Nc1 d3 25. Rhe1 Qa4 26. Kb1 Qc4 27. Rxe8+
Rxe8 28. Bc3 d4 0-1

[Event "12. Obert Int. Sant Marti 2010"]
[Site "Barcelona ESP"]
[Date "2010.07.14"]
[Round "2.3"]
[White "Abreu Delgado, Aryam"]
[Black "Aranda Gonzalez, Jose"]
[Result "1-0"]
[WhiteElo "2474"]
[BlackElo "2294"]
[PlyCount "75"]
[EventDate "2010.07.13"]
[EventType "swiss"]
[EventRounds "9"]
[EventCountry "ESP"]
[SourceTitle "Ajedrez en Madrid"]
[Source "lmi"]
[SourceDate "2010.07.13"]
[SourceVersion "1"]
[SourceVersionDate "2019.06.18"]
[SourceQuality "1"]

1. e4 e6 2. d4 d5 3. Nc3 Bb4 4. e5 c5 5. a3 Bxc3+ 6. bxc3 Qc7 7. Qg4 f6 8. Qg3
cxd4 9. exf6 Qxg3 10. hxg3 Nxf6 11. cxd4 Bd7 12. Bd3 Nc6 13. Nf3 O-O 14. Rh4
Rae8 15. Bf4 Nxd4 16. Nxd4 e5 17. O-O-O exf4 18. gxf4 g6 19. f3 Re7 20. g4 Ne8
21. f5 gxf5 22. Bxf5 Nd6 23. Bd3 Nc4 24. Rh5 Ne5 25. Bxh7+ Rxh7 26. Rxe5 Bc6
27. Rde1 Rf4 28. Rg5+ Kf7 29. Rf5+ Rxf5 30. Nxf5 Kf6 31. Nd4 Rh2 32. Re6+ Kf7
33. g5 Rg2 34. Rf6+ Kg8 35. Ne6 Ba4 36. g6 Rxc2+ 37. Kb1 Rc8 38. g7 1-0

[Event "12. Obert Int. Sant Marti 2010"]
[Site "Barcelona ESP"]
[Date "2010.07.14"]
[Round "2.6"]
[White "Perez Mitjans, Orelvis"]
[Black "Avila Jimenez, Javier"]
[Result "1/2-1/2"]
[WhiteElo "2424"]
[BlackElo "2240"]
[PlyCount "65"]
[EventDate "2010.07.13"]
[EventType "swiss"]
[EventRounds "9"]
[EventCountry "ESP"]
[SourceTitle "Ajedrez en Madrid"]
[Source "lmi"]
[SourceDate "2010.07.13"]
[SourceVersion "1"]
[SourceVersionDate "2019.06.18"]
[SourceQuality "1"]

1. e4 c6 2. c4 d5 3. exd5 cxd5 4. cxd5 Nf6 5. Qa4+ Nbd7 6. Nc3 g6 7. Nf3 Bg7 8.
Bc4 a6 9. d3 O-O 10. Qa3 b6 11. O-O Bb7 12. Re1 Re8 13. Ng5 Rc8 14. Bd2 b5 15.
Bb3 Nc5 16. d6 e6 17. Nce4 Nfxe4 18. Nxe4 Nxd3 19. Ba5 Qd7 20. Bxe6 Rxe6 21.
Qxd3 Bxe4 22. Rxe4 Rxe4 23. Qxe4 Qxd6 24. Bb4 Qc6 25. Qe3 Bxb2 26. Re1 h5 27.
h3 Qc4 28. a3 Qd4 29. Qe2 Qf6 30. Be7 Qc3 31. Bb4 Qf6 32. Be7 Qc3 33. Bb4
1/2-1/2

[Event "12. Obert Int. Sant Marti 2010"]
[Site "Barcelona ESP"]
[Date "2010.07.14"]
[Round "2.7"]
[White "Menac Comas, Joan Ramon"]
[Black "Matnadze, Ana"]
[Result "1/2-1/2"]
[WhiteElo "2198"]
[BlackElo "2422"]
[PlyCount "59"]
[EventDate "2010.07.13"]
[EventType "swiss"]
[EventRounds "9"]
[EventCountry "ESP"]
[SourceTitle "Ajedrez en Madrid"]
[Source "lmi"]
[SourceDate "2010.07.13"]
[SourceVersion "1"]
[SourceVersionDate "2019.06.18"]
[SourceQuality "1"]

1. e4 c5 2. Nf3 d6 3. d4 cxd4 4. Qxd4 Nc6 5. Bb5 Bd7 6. Bxc6 Bxc6 7. Nc3 h6 8.
Be3 Nf6 9. h3 e5 10. Qd3 Be7 11. O-O-O O-O 12. g4 b5 13. g5 hxg5 14. Bxg5 b4
15. Bxf6 bxc3 16. Bxg7 Kxg7 17. Rhg1+ Kh7 18. bxc3 Rb8 19. h4 f6 20. Nd4 exd4
21. Qf3 Qa5 22. cxd4 Rfc8 23. Qg4 Qa3+ 24. Kd2 Qa5+ 25. Ke3 Rg8 26. Qe6 Rxg1
27. Rxg1 Qc3+ 28. Kf4 Qd2+ 29. Kf3 Kh8 30. Qxe7 1/2-1/2

[Event "12. Obert Int. Sant Marti 2010"]
[Site "Barcelona ESP"]
[Date "2010.07.14"]
[Round "2.8"]
[White "Gonzalez Rodriguez, Jorge A"]
[Black "Lasinskas, Povilas"]
[Result "1-0"]
[WhiteElo "2409"]
[BlackElo "2180"]
[PlyCount "89"]
[EventDate "2010.07.13"]
[EventType "swiss"]
[EventRounds "9"]
[EventCountry "ESP"]
[SourceTitle "Ajedrez en Madrid"]
[Source "lmi"]
[SourceDate "2010.07.13"]
[SourceVersion "1"]
[SourceVersionDate "2019.06.18"]
[SourceQuality "1"]

1. c4 e5 2. Nc3 Nc6 3. g3 g6 4. Bg2 Bg7 5. e3 Nge7 6. Nge2 d6 7. d3 O-O 8. O-O
Be6 9. Nd5 Qd7 10. Nec3 Nd8 11. Rb1 a5 12. Re1 Nc8 13. Ne4 f6 14. Bd2 h6 15. f4
c6 16. Ndc3 Nf7 17. a3 f5 18. Nf2 Ne7 19. Na4 Qc7 20. Qc2 Rab8 21. e4 c5 22.
Nc3 Nc6 23. Nb5 Qd7 24. Nd1 exf4 25. gxf4 Nd4 26. Nxd4 Bxd4+ 27. Kh1 a4 28. Nc3
b5 29. exf5 gxf5 30. Nxb5 Rxb5 31. cxb5 Bb3 32. Qc1 Qxb5 33. Bc3 Qxd3 34. Bxd4
cxd4 35. Qc6 Qc2 36. Qb7 d3 37. Bd5 d2 38. Rg1+ Kh7 39. Bxb3 axb3 40. Qg2 Qe4
41. Rbd1 Rg8 42. Qxe4 Rxg1+ 43. Kxg1 fxe4 44. Rxd2 Kg6 45. Kf2 1-0

[Event "12. Obert Int. Sant Marti 2010"]
[Site "Barcelona ESP"]
[Date "2010.07.14"]
[Round "2.9"]
[White "Gonzalez Valenzuela, Didac"]
[Black "Lorenzo De La Riva, Lazaro"]
[Result "1/2-1/2"]
[WhiteElo "2156"]
[BlackElo "2407"]
[PlyCount "132"]
[EventDate "2010.07.13"]
[EventType "swiss"]
[EventRounds "9"]
[EventCountry "ESP"]
[SourceTitle "Ajedrez en Madrid"]
[Source "lmi"]
[SourceDate "2010.07.13"]
[SourceVersion "1"]
[SourceVersionDate "2019.06.18"]
[SourceQuality "1"]

1. d4 Nf6 2. c4 c5 3. d5 b5 4. cxb5 a6 5. bxa6 g6 6. g3 Nxa6 7. Bg2 Bb7 8. Nc3
Bg7 9. Nh3 O-O 10. O-O d6 11. Rb1 Qa5 12. Bd2 Nc7 13. Re1 Nb5 14. Qb3 Ba6 15.
Ne4 Qc7 16. Nxf6+ Bxf6 17. e3 Rfb8 18. Qc2 Bc8 19. Qc4 Bf5 20. e4 Bd7 21. Be3
Nd4 22. Bxd4 Bxd4 23. b4 Ra4 24. Rec1 Qa7 25. a3 Rxa3 26. bxc5 Rxb1 27. Rxb1
Bxc5 28. Qc2 Ra2 29. Rb2 Ra1+ 30. Rb1 Bxh3 31. Bxh3 Bxf2+ 32. Kh1 Bc5 33. Bf1
Qa3 34. Rxa1 Qxa1 35. Kg2 Qd4 36. Bd3 Kg7 37. Qe2 Qg1+ 38. Kh3 Bd4 39. Qf1 Qe3
40. Qe2 Qc1 41. Qf3 h5 42. Be2 Qb2 43. Kg2 Bf6 44. Kh3 Qd2 45. Kg2 h4 46. gxh4
Bxh4 47. Kh3 Bf6 48. Kg2 Be5 49. h4 Qe1 50. h5 Qh4 51. hxg6 fxg6 52. Bb5 Qh2+
53. Kf1 Qd2 54. Bd7 Bf4 55. Be6 Kf6 56. Bg8 Ke5 57. Bh7 Qc1+ 58. Kf2 g5 59. Bf5
Kd4 60. Kg2 Be3 61. Qf1 Qb2+ 62. Kf3 Bf4 63. Qf2+ Qxf2+ 64. Kxf2 Be5 65. Kf3
Kc3 66. Bg6 Kd2 1/2-1/2

[Event "12. Obert Int. Sant Marti 2010"]
[Site "Barcelona ESP"]
[Date "2010.07.14"]
[Round "2.11"]
[White "Molinero Martin, Joan"]
[Black "Mihailovs, Jurijs"]
[Result "0-1"]
[WhiteElo "2081"]
[BlackElo "2405"]
[PlyCount "100"]
[EventDate "2010.07.13"]
[EventType "swiss"]
[EventRounds "9"]
[EventCountry "ESP"]
[SourceTitle "Ajedrez en Madrid"]
[Source "lmi"]
[SourceDate "2010.07.13"]
[SourceVersion "1"]
[SourceVersionDate "2019.06.18"]
[SourceQuality "1"]

1. e4 c5 2. Bc4 e6 3. Nc3 a6 4. a4 Nc6 5. Nf3 Qc7 6. O-O Nf6 7. d3 b6 8. Bg5
Bb7 9. Re1 Bd6 10. Qd2 h6 11. Bh4 Bf4 12. Qd1 O-O-O 13. Bg3 Nh5 14. Ne2 Nxg3
15. Nxf4 Nxe4 16. Nh5 Nf6 17. Nxf6 gxf6 18. d4 cxd4 19. Nxd4 Rhg8 20. Nf3 Kb8
21. Bf1 Rg7 22. Re3 Rdg8 23. Ne1 f5 24. Rg3 Ka7 25. Raa3 Rxg3 26. Rxg3 Rxg3 27.
hxg3 d5 28. Qh5 Qe5 29. Nd3 Qf6 30. c3 e5 31. g4 f4 32. f3 e4 33. Ne1 Ne5 34.
Be2 Qe6 35. Nc2 exf3 36. Bxf3 Nxf3+ 37. gxf3 Qe2 38. Nd4 Qxb2 39. Qxf7 Qxc3 40.
Qxf4 Qa1+ 41. Kf2 Qxa4 42. Qd2 Qc4 43. Nf5 a5 44. Qxh6 a4 45. Qf6 a3 46. Ne3
Qb4 47. g5 Qd2+ 48. Kg3 Qxe3 49. g6 a2 50. g7 d4 0-1

[Event "12. Obert Int. Sant Marti 2010"]
[Site "Barcelona ESP"]
[Date "2010.07.14"]
[Round "2.12"]
[White "Oms Fuentes, Lluis"]
[Black "Vazquez Moreno, Josep M"]
[Result "1-0"]
[WhiteElo "2360"]
[BlackElo "2203"]
[PlyCount "43"]
[EventDate "2010.07.13"]
[EventType "swiss"]
[EventRounds "9"]
[EventCountry "ESP"]
[SourceTitle "Ajedrez en Madrid"]
[Source "lmi"]
[SourceDate "2010.07.13"]
[SourceVersion "1"]
[SourceVersionDate "2019.06.18"]
[SourceQuality "1"]

1. e4 c5 2. Nf3 d6 3. Nc3 Nf6 4. d4 cxd4 5. Nxd4 a6 6. Be3 e5 7. Nb3 Be6 8. a4
d5 9. exd5 Nxd5 10. Nxd5 Qxd5 11. Qxd5 Bxd5 12. O-O-O Bxb3 13. cxb3 Nd7 14. Bc4
Rc8 15. Kb1 Rc7 16. f4 Bc5 17. Bxc5 Nxc5 18. Rhe1 f6 19. fxe5 f5 20. Rd6 Ke7
21. Red1 Rd7 22. b4 1-0

[Event "12. Obert Int. Sant Marti 2010"]
[Site "Barcelona ESP"]
[Date "2010.07.15"]
[Round "3.1"]
[White "Gonzalez Garcia, Jose"]
[Black "Rojas Keim, Luis"]
[Result "1-0"]
[WhiteElo "2508"]
[BlackElo "2437"]
[PlyCount "97"]
[EventDate "2010.07.13"]
[EventType "swiss"]
[EventRounds "9"]
[EventCountry "ESP"]
[SourceTitle "Ajedrez en Madrid"]
[Source "lmi"]
[SourceDate "2010.07.13"]
[SourceVersion "1"]
[SourceVersionDate "2019.06.18"]
[SourceQuality "1"]

1. d4 Nf6 2. c4 e6 3. Nf3 c5 4. d5 d6 5. Nc3 exd5 6. cxd5 g6 7. Bf4 Bg7 8. Qa4+
Bd7 9. Qb3 Qc7 10. e4 O-O 11. Nd2 Nh5 12. Be3 f5 13. exf5 Bxf5 14. Be2 Nf6 15.
h3 a6 16. a4 h5 17. Nc4 Nbd7 18. Bf4 Ne8 19. Bh2 Ndf6 20. Ne3 Be4 21. f3 Bf5
22. Nxf5 gxf5 23. Qc2 Nd7 24. O-O f4 25. Ne4 Bh6 26. g4 Ne5 27. g5 Bg7 28. Kg2
Qf7 29. Rad1 Ng6 30. Kh1 Nh4 31. Bg1 Qd7 32. Kh2 Be5 33. Bf2 Nf5 34. Bd3 c4 35.
Qxc4 Rc8 36. Qb4 Neg7 37. Nf6+ Bxf6 38. gxf6 Rxf6 39. Qxf4 Rcf8 40. Rg1 Kh8 41.
Be1 Qe7 42. Qe4 Qe5+ 43. Qxe5 dxe5 44. Bc3 Nh4 45. Be4 Re8 46. d6 Nxf3+ 47.
Bxf3 Rxf3 48. d7 Rd8 49. Ba5 1-0